000 00733nam a2200217 i 4500
001 141265
003 ES-MaACL
005 20230906200246.0
007 t|
008 070920s1984 sp ||||1| spa d
080 _a531.5
100 1 _aVillar Iglesias, Enrique.
_9115091
245 1 0 _aCuatro trabajos sobre gravitación
_b: = (four gravitation's works) /
_cEnrique Villar Iglesias.
250 _a[1ª ed.].
260 _aBarcelona :
_bE. Villar,
_c1984.
300 _a56 p. ;
_c21 cm.
500 _aTít. tomado de la cub. - Texto en inglés y traducción española.
500 _aAnexo del libro "Selección de trabajos inéditos de física"
650 1 4 _aGravitación.
_913159
852 _aES-MaACL
_j2137-F-2
_bR.107053
999 _c141265
_d141265